Courtroom survival: (Record no. 7968)

000 -LEADER
fixed length control field 00483nam a2200145 4500
008 - FIXED-LENGTH DATA ELEMENTS--GENERAL INFORMATION
fixed length control field 151008b xxu||||| |||| 00| 0 eng d
020 ## - INTERNATIONAL STANDARD BOOK NUMBER
International Standard Book Number 0942728157
050 ## - LIBRARY OF CONGRESS CALL NUMBER
Classification number KF 9672 .R88 2000
100 ## - MAIN ENTRY--PERSONAL NAME
Personal name Rutledge, Devallis.
Dates associated with a name 2000.
245 ## - TITLE STATEMENT
Title Courtroom survival:
Remainder of title The officers guide to better testimony/
Statement of responsibility, etc. Devallis Rutledge:
260 ## - PUBLICATION, DISTRIBUTION, ETC. (IMPRINT)
Place of publication, distribution, etc. USA;
Name of publisher, distributor, etc. Copper house atomic dog,
Date of publication, distribution, etc. 2000.
300 ## - PHYSICAL DESCRIPTION
Extent 188 p. : ill.
650 ## - SUBJECT ADDED ENTRY--TOPICAL TERM
Topical term or geographic name as entry element Courtroom.
942 ## - ADDED ENTRY ELEMENTS (KOHA)
Source of classification or shelving scheme
Koha item type Hard Covered Materials
Classification part KF 9672 .R88 2000
Koha issues (borrowed), all copies 3
Holdings
Withdrawn status Lost status Source of classification or shelving scheme Damaged status Not for loan Home library Current library Date acquired Source of acquisition Total Checkouts Full call number Barcode Date last seen Date last checked out Price effective from Koha item type
          MACHAKOS UNIVERSITY LIBRARY MACHAKOS UNIVERSITY LIBRARY 08/10/2015 Donation(B.F.A) 3 KF 9672 .R88 2000 13654 25/09/2017 15/09/2017 08/10/2015 Hard Covered Materials
© Machakos University Library, Along The Highway, Machakos Wote Rd, Machakos, Kenya P.O. Box 136 - 90100 Machakos - Kenya

Tel: ( +254 ) 723 805829 OR Fax : 044-20353 OR Email: library@mksu.ac.ke